00250nam a2200097 a 450000500170000000800410001705000170005810000200007524500200009526000370011520140414131913.0101013s19uu xx 00 eng d aERbC62 1975 aPaola, Tomie de aThe cloud book. aNew York :bScholastic ,c1975.